Szociálpszichológia - tömegkommunikáció

Elmentve itt :
Bibliográfiai részletek
Szerző: Harsányi Szabolcs Gergő
Dokumentumtípus: Prezentáció
Megjelent: 2012
Kulcsszavak:társadalomlélektan
tömegkommunikáció
Tárgyszavak:
Online Access:http://eta.bibl.u-szeged.hu/4547
LEADER 00768nnm a2200229 i 4500
001 eta4547
005 20210105145410.0
008 210105s2012 hu o 0|| hun d
040 |a SZTE Elektronikus Tananyag Archívum  |b hun 
041 |a hun 
100 1 |a Harsányi Szabolcs Gergő 
245 1 0 |a Szociálpszichológia - tömegkommunikáció  |h [elektronikus dokumentum] /  |c  Harsányi Szabolcs Gergő 
260 |c 2012 
300 |a 4 
516 |a Presentation 
650 4 |a Társadalomtudományok 
650 4 |a Pszichológia 
650 4 |a Pszichológia (benne ember-gép kapcsolat) 
650 4 |a Szociálpszichológia 
695 |a társadalomlélektan 
695 |a tömegkommunikáció 
856 4 0 |u https://eta.bibl.u-szeged.hu/4547/1/2010-0012_59_03.pdf  |z Dokumentum-elérés